The design and analysis of longitudinal studies : their role in the measurement of change /
Saved in:
| Main Author: | |
|---|---|
| Format: | Book |
| Language: | English |
| Published: |
London ; New York :
Academic Press,
1979.
|
| Subjects: | |
| Tags: |
Add Tag
No Tags, Be the first to tag this record!
|
| LEADER | 01110cam a2200313uu 4500 | ||
|---|---|---|---|
| 001 | 000856435-3 | ||
| 005 | 20020606090541.3 | ||
| 008 | 800604s1979 enka b 00110 eng | ||
| 010 | |a 79050104 | ||
| 015 | |a GB*** | ||
| 020 | |a 0122895800 | ||
| 035 | 0 | |a ocm05811028 | |
| 040 | |a DLC |c DLC |d CUX | ||
| 050 | 0 | 0 | |a BF713 |b .G65 |
| 060 | 4 | |a BF 713 G624 1979 | |
| 100 | 1 | |a Goldstein, Harvey. | |
| 245 | 1 | 4 | |a The design and analysis of longitudinal studies : |b their role in the measurement of change / |c Harvey Goldstein. |
| 260 | 0 | |a London ; |a New York : |b Academic Press, |c 1979. | |
| 300 | |a xvi, 199 p. : |b ill. ; |c 24 cm. | ||
| 504 | |a Includes bibliographies and index. | ||
| 650 | 0 | |a Longitudinal method. | |
| 650 | 0 | |a Developmental psychology |x Methodology. | |
| 690 | 9 | |a Longitudinal studies. |5 psy | |
| 690 | 9 | |a Mathematics and statistics. |5 psy | |
| 650 | 2 | |a Human Development. | |
| 650 | 2 | |a Longitudinal Studies. | |
| 776 | 0 | 8 | |i Online version: |a Goldstein, Harvey. |t Design and analysis of longitudinal studies. |d London ; New York : Academic Press, 1979 |w (OCoLC)643717291 |
| 988 | |a 20020608 | ||
| 906 | |0 DLC | ||


